Nicaragua: reforma de la administración pública /
সংরক্ষণ করুন:
| প্রধান লেখক: | |
|---|---|
| অন্যান্য লেখক: | |
| বিন্যাস: | পাঠ্য |
| বিষয়গুলি: | |
| ট্যাগগুলো: |
ট্যাগ যুক্ত করুন
কোনো ট্যাগ নেই, প্রথমজন হিসাবে ট্যাগ করুন!
|
MARC
| LEADER | 00000 a a2200000 04500 | ||
|---|---|---|---|
| 001 | 7469 | ||
| 003 | |||
| 040 | |||
| 100 | |a Delgado Romero, Rodolfo | ||
| 245 | |a Nicaragua: |b reforma de la administración pública / |c Rodolfo Delgado Romero | ||
| 650 | |a ADMINISTRACION PUBLICA | ||
| 650 | |a REFORMAS ADMINISTRATIVAS | ||
| 650 | |a POLITICA | ||
| 650 | |a COMPETITIVIDAD | ||
| 650 | |a POLITICAS SOCIALES | ||
| 650 | |a CONSENSO | ||
| 650 | |a INTEGRACION SOCIAL | ||
| 700 | |a Oquist Kelly, Paul | ||
| 773 | |g número 6; páginas 32-45 | ||
| 999 | |c 25782 |d 25782 | ||
